| 000 | 00666nam a22002171 4500 | ||
|---|---|---|---|
| 001 | 21177 | ||
| 003 | CZ PrNK | ||
| 005 | 20260223154321.0 | ||
| 008 | 020803s1976 xo slo | ||
| 040 |
_aABA001 _bcze _cABA001 _dABA001 |
||
| 100 | 1 |
_aKováč, Bohuš, _d1936-2006 _4edt |
|
| 245 | 1 | 0 |
_aČo šepká zem : _bAntológia slovenskej poézie prvej polovice 20. storočí / _cZost. Bohuš Kováč |
| 250 | _a1. vyd. | ||
| 260 |
_aBratislava : _bTatran, _c1976 |
||
| 300 |
_a477 s. ; _c8° |
||
| 490 | 1 |
_aHviezdoslavova knižnica ; _vZv. 243 |
|
| 500 | _aRus. a angl. souhrny | ||
| 830 | 0 | _aHviezdoslavova knižnica | |
| 910 | _aABA001 | ||
| 942 |
_2ddc _cKLDO _n0 |
||
| 999 |
_c21177 _d21177 |
||